00724nam a2200205 i 4500001000700000003000900007005001700016007000300033008004100036100002600077245010800103250001500211260003500226300002200261700002800283700003400311852003200345999001900377952012200396149293ES-MaACL20230906203029.0t|071019s1964 sp ||||1| spa d1 aVann, Gerald.911307411a¿Pan o piedras? / cGerald Vann, P. K. Meagher ; [traducción del inglés por Enrique de Obregón]. a[1ª ed.]. aBarcelona : bPlaneta, c1964. a234 p. ; c21 cm.1 aMeagher, Paul K.9796311 aObregón, Enrique de.986425 aES-MaACLjC-27264 bR.56320 c149293d149293 00104070aATENEOMbATENEOMcDEPO2d2008-01-17eSCl0oC-27264p1155790r2023-02-23 00:00:00w2023-02-23yMONOGRAFIA